Music Quiz

Random Music or Song Quiz
Score 0/113 Timer 08:00
25 Plays Today
% Correct
a
96.1%
a
96.1%
a
96.1%
the
94.1%
the
94.1%
the
94.1%
the
94.1%
the
94.1%
the
94.1%
the
94.1%
the
94.1%
be
79.9%
you
78.2%
you
78.2%
and
74%
and
74%
and
74%
and
74%
it
69.1%
can
66.9%
can
66.9%
in
64.8%
to
64.1%
as
56.8%
as
56.8%
as
56.8%
as
56.8%
as
56.8%
as
56.8%
as
56.8%
as
56.8%
as
56.8%
as
56.8%
as
56.8%
as
56.8%
as
56.8%
as
56.8%
as
56.8%
% Correct
as
56.8%
as
56.8%
as
56.8%
as
56.8%
time
55.2%
time
55.2%
time
55.2%
time
55.2%
will
49.4%
old
48.8%
old
48.8%
old
48.8%
old
48.8%
old
48.8%
old
48.8%
old
48.8%
Beauty
48.7%
Beauty
48.7%
Beauty
48.7%
Beast
48.7%
Beast
48.7%
Beast
48.7%
Then
47.9%
Tale
47.7%
Tale
47.7%
Tale
47.7%
Tale
47.7%
song
45.6%
Song
45.6%
Song
45.6%
one
45%
Just
44.5%
just
44.5%
just
44.5%
friends
42.2%
rhyme
41.9%
rhyme
41.9%
sun
41.8%
% Correct
sun
41.8%
little
41.7%
little
41.7%
True
40.4%
Ever
38.9%
Ever
38.9%
Ever
38.9%
Ever
38.9%
were
38.2%
rising
38%
say
37.5%
somebody
37%
even
36.7%
bends
36.3%
rise
35.9%
unexpectedly
35.5%
Barely
35%
east
34.6%
change
33.3%
change
33.3%
same
33%
least
32.8%
Small
32.8%
sure
32.7%
prepared
32.6%
scared
32.5%
Neither
32.2%
before
31.8%
Both
31.6%
surprise
30.3%
finding
29.1%
wrong
27.7%
Tune
26.6%
Learning
26.5%
Certain
26.2%
strange
25.7%
Bittersweet
22.3%
Remove Ads.
Support Sporcle.
Get the best of Sporcle when you Go Orange. This ad-free experience offers more features, more stats, and more fun while also helping to support Sporcle. Thank you for becoming a member.

You're not logged in!

Compare scores with friends on all Sporcle quizzes.
OR
Log In

Sporcle TV

Today on Sporcle TV


Watch our educational content, quiz creation guides, and fun videos on Sporcle TV.

Show Comments

Extras

Top Quizzes Today


Score Distribution

Paid Content

Your Account Isn't Verified!

In order to create a playlist on Sporcle, you need to verify the email address you used during registration. Go to your Sporcle Settings to finish the process.

Report this User

Report this user for behavior that violates our Community Guidelines.

Details: